| 000 -LEADER | |
|---|---|
| fixed length control field | 00421nam a22001697a 4500 |
| 005 - DATE AND TIME OF LATEST TRANSACTION | |
| control field | 20180316165305.0 |
| 008 - FIXED-LENGTH DATA ELEMENTS--GENERAL INFORMATION | |
| fixed length control field | 160523b xxu||||| |||| 00| 0 eng d |
| 020 ## - INTERNATIONAL STANDARD BOOK NUMBER | |
| ISBN | 81-7188-193-9 |
| 041 ## - LANGUAGE CODE | |
| Language code of text/sound track or separate title | eng |
| 082 ## - DEWEY DECIMAL CLASSIFICATION NUMBER | |
| Item number | 4172 |
| Classification number | 333.7 |
| 100 ## - MAIN ENTRY--AUTHOR NAME | |
| Personal name | Chopra/Kanchan & Others |
| 245 ## - TITLE STATEMENT | |
| Title | Ecological Economics |
| 260 ## - PUBLICATION, DISTRIBUTION, ETC. (IMPRINT) | |
| Place of publication | New Delhi |
| Name of publisher | Academic Faundation |
| Year of publication | 2001 |
| 300 ## - PHYSICAL DESCRIPTION | |
| Number of Pages | 241 |
| 650 ## - SUBJECT ADDED ENTRY--TOPICAL TERM | |
| Topical Term | Management |
| 942 ## - ADDED ENTRY ELEMENTS (KOHA) | |
| Koha item type | Books |
| Lost status | Damaged status | Collection code | Home library | Current library | Shelving location | Date acquired | Source of acquisition | Cost, normal purchase price | Full call number | Accession Number | Koha item type |
|---|---|---|---|---|---|---|---|---|---|---|---|
| MANAGEMENT | JRU Library | JRU Library | SHELF-58-F | 23/05/2016 | PURCHASE | 495.00 | 333.7 | 4172 | Books | ||
| MANAGEMENT | JRU Library | JRU Library | SHELF-58-F | 23/05/2016 | PURCHASE | 495.00 | 333.7 | 4173 | Books | ||
| MANAGEMENT | JRU Library | JRU Library | SHELF-58-F | 23/05/2016 | PURCHASE | 495.00 | 333.7 | 4174 | Books | ||
| MANAGEMENT | JRU Library | JRU Library | SHELF-58-F | 23/05/2016 | PURCHASE | 495.00 | 333.7 | 4175 | Books |